Fundamentos biológicos del lenguaje / (Record no. 90628)

MARC details
000 -LEADER
campo de control de longitud fija 00841nam a2200241 i 4500
001 - NÚMERO DE CONTROL
campo de control 90628
003 - IDENTIFICADOR DE NÚMERO DE CONTROL
campo de control ES-MaACL
005 - FECHA Y HORA DE LA ÚLTIMA TRANSACCIÓN
campo de control 20250316175839.0
007 - CAMPO FIJO DE DESCRIPCIÓN FÍSICA--INFORMACIÓN GENERAL
campo de control de longitud fija t|
008 - DATOS DE LONGITUD FIJA--INFORMACIÓN GENERAL
campo de control de longitud fija 050124s1975 sp ||||1| spa d
100 1# - ENTRADA PRINCIPAL--NOMBRE DE PERSONA
Nombre de persona Lenneberg, Eric H.
9 (RLIN) 71530
245 10 - MENCIÓN DEL TÍTULO
Título Fundamentos biológicos del lenguaje /
Mención de responsabilidad, etc. Eric H. Lenneberg ; con dos apéndices por Noam Chomsky y Otto Marx ; versión de Natividad Sánchez Sainz-Trápaga y Antonio Montesinos.
260 ## - PUBLICACIÓN, DISTRIBUCIÓN, ETC.
Lugar de publicación, distribución, etc. [Madrid] :
Nombre del editor, distribuidor, etc. Alianza,
Fecha de publicación, distribución, etc. [1975]
300 ## - DESCRIPCIÓN FÍSICA
Extensión 537 p. :
Otras características físicas il. ;
Dimensiones 20 cm.
650 #4 - PUNTO DE ACCESO ADICIONAL DE MATERIA--TÉRMINO DE MATERIA
9 (RLIN) 14463
Término de materia o nombre geográfico como elemento de entrada Lingüística
700 1# - ENTRADA AGREGADA--NOMBRE PERSONAL
Nombre de persona Chomsky, Noam,
Fechas asociadas al nombre 1928-
9 (RLIN) 38607
700 1# - ENTRADA AGREGADA--NOMBRE PERSONAL
Nombre de persona Marx, Otto.
9 (RLIN) 78596
700 1# - ENTRADA AGREGADA--NOMBRE PERSONAL
Nombre de persona Sánchez Sáinz-Trápaga, Natividad.
9 (RLIN) 102913
700 1# - ENTRADA AGREGADA--NOMBRE PERSONAL
Nombre de persona Montesinos, Antonio.
9 (RLIN) 82591
852 ## - LOCALIZACIÓN
Ubicación ES-MaACL
Número de control de estantería A-5848
Sublocalización o colección R.94744
942 ## - ELEMENTOS DE ENTRADA SECUNDARIOS (KOHA)
Fuente del sistema de clasificación o colocación Clasificación decimal universal
Holdings
Estatus retirado Estado de pérdida Estado de daño No para préstamo Biblioteca de origen Biblioteca actual Ubicación en estantería Fecha de adquisición Fuente de adquisición Total de préstamos Signatura topográfica completa Código de barras Visto por última vez Precio de reemplazo Tipo de ítem Koha
        Biblioteca del Ateneo de Madrid Biblioteca del Ateneo de Madrid Sala Pecera Planta 1 17/01/2008     A-5848 1094633 23/02/2023 23/02/2023 Libro impreso